[Event "C.to Italiano Semifinale"]
[Site "Saint Vincent - Chatillon ITA"]
[Date "1999.06.22"]
[Round "3"]
[White "Nannelli, Paolo"]
[Black "Rossi, Carlo"]
[Result "0-1"]
[WhiteElo "2239"]
[BlackElo "2371"]
[PlyCount "64"]
[EventDate "1999.06.20"]

1. d4 Nc6 2. Nf3 d6 3. Bf4 g6 4. e3 Bg7 5. c3 Nf6 6. h3 O-O 7. Be2 Nh5 8. Bh2
f5 9. Nfd2 Nf6 10. O-O e5 11. Nc4 Qe8 12. a4 g5 13. Nba3 a6 14. Re1 Kh8 15. b4
e4 16. b5 Ne7 17. Qb3 Ng6 18. b6 d5 19. Ne5 c6 20. c4 f4 21. Nxg6+ Qxg6 22.
exf4 gxf4 23. Bxf4 Nh5 24. Bxh5 Qxh5 25. Qe3 Bxh3 26. Bg3 Bg4 27. cxd5 cxd5 28.
Rac1 Rf3 29. Qd2 Rxa3 30. Rc7 Rd3 31. Qf4 Rf8 32. Qd6 Rxg3 0-1

[Event "C.to Italiano Semifinale"]
[Site "Saint Vincent - Chatillon ITA"]
[Date "1999.06.22"]
[Round "3"]
[White "Pantaleoni, Claudio"]
[Black "Camerini, Lorenzo"]
[Result "1-0"]
[WhiteElo "2184"]
[BlackElo "1621"]
[PlyCount "43"]
[EventDate "1999.06.20"]

1. Nf3 c5 2. c4 Nf6 3. Nc3 Nc6 4. g3 b6 5. Bg2 Bb7 6. O-O g6 7. e4 d6 8. e5
dxe5 9. Nxe5 Qc7 10. Qa4 Rc8 11. Re1 a6 12. Nxc6 Bxc6 13. Qxa6 Bxg2 14. Nb5 Qc6
15. Qxc8+ Qxc8 16. Nd6+ Kd7 17. Nxc8 Bc6 18. Nxb6+ Kc7 19. Nd5+ Nxd5 20. cxd5
Bxd5 21. d3 e6 22. Bf4+ 1-0

[Event "C.to Italiano Semifinale"]
[Site "Saint Vincent - Chatillon ITA"]
[Date "1999.06.22"]
[Round "3"]
[White "Petruccioli, Antonio"]
[Black "Ranieri, Fabrizio"]
[Result "1-0"]
[WhiteElo "2013"]
[BlackElo "2166"]
[PlyCount "93"]
[EventDate "1999.06.20"]

1. e4 e6 2. d4 d5 3. e5 c5 4. c3 Nc6 5. Nf3 Qb6 6. a3 c4 7. g3 Na5 8. Nbd2 Bd7
9. Bh3 h6 10. O-O O-O-O 11. Rb1 Kb8 12. Re1 Ne7 13. Qc2 Rc8 14. Nf1 Nb3 15.
N3d2 Ba4 16. Nxb3 Qxb3 17. Qxb3 Bxb3 18. Ne3 g5 19. f4 gxf4 20. gxf4 Rg8+ 21.
Kf2 Ng6 22. f5 Nf4 23. Bf1 exf5 24. Nxf5 Ne6 25. Bh3 Bc2 26. Ra1 Rc6 27. Bd2
Rb6 28. Rg1 Ng5 29. Bxg5 hxg5 30. Ra2 Kc7 31. Ne3 Be4 32. Bg2 Bxg2 33. Rxg2 Kc6
34. h4 Be7 35. Nf5 Bd8 36. Kf3 Kd7 37. h5 Ke6 38. Kg4 f6 39. Re2 Bc7 40. Ra1
fxe5 41. dxe5 Bd8 42. Rf1 Kd7 43. Rd1 Ke6 44. Nd4+ Kd7 45. e6+ Ke8 46. Nf5 Rb5
47. Nd6+ 1-0

[Event "C.to Italiano Semifinale"]
[Site "Saint Vincent - Chatillon ITA"]
[Date "1999.06.22"]
[Round "3"]
[White "Retter, Martin"]
[Black "Castaldo, Folco"]
[Result "0-1"]
[WhiteElo "1588"]
[BlackElo "2192"]
[PlyCount "58"]
[EventDate "1999.06.20"]

1. c4 Nf6 2. g3 e6 3. Bg2 d5 4. cxd5 exd5 5. d4 Be7 6. Nf3 O-O 7. O-O c6 8. Bf4
Nbd7 9. a3 a5 10. Nc3 Nb6 11. Ne5 Nh5 12. Bc1 f6 13. Nd3 g6 14. Nf4 Nxf4 15.
Bxf4 Be6 16. Bh6 Re8 17. f4 Nc4 18. Qe1 Nd6 19. f5 Nxf5 20. Qd2 g5 21. Bh3 Nxd4
22. Qxd4 Bxh3 23. Rfd1 Qd6 24. Ne4 dxe4 25. Qxd6 Bxd6 26. Rxd6 Kf7 27. g4 Kg6
28. Kf2 Bxg4 29. h3 Be6 0-1

[Event "C.to Italiano Semifinale"]
[Site "Saint Vincent - Chatillon ITA"]
[Date "1999.06.22"]
[Round "3"]
[White "Sarno, Spartaco"]
[Black "Dorighet, Claudio"]
[Result "1-0"]
[WhiteElo "2358"]
[BlackElo "2110"]
[PlyCount "131"]
[EventDate "1999.06.20"]

1. c4 e6 2. Nf3 d5 3. b3 Be7 4. Bb2 Bf6 5. Nc3 b6 6. d4 Bb7 7. cxd5 exd5 8. e3
Nd7 9. Rc1 a6 10. Bd3 g6 11. O-O Ne7 12. b4 O-O 13. a4 Bg7 14. Qb3 Nf6 15. Rc2
Ne8 16. Rfc1 Kh8 17. Ba3 Nd6 18. b5 a5 19. Ne2 Rc8 20. Nf4 Bh6 21. Ne2 f6 22.
Ng3 Qd7 23. Rc3 Ne8 24. Bb1 Nd6 25. Nd2 Rf7 26. Qd1 Nef5 27. Nxf5 Nxf5 28. Bxf5
Qxf5 29. Qf3 Qxf3 30. gxf3 g5 31. Bd6 Bf8 32. Bxf8 Rcxf8 33. Rxc7 Kg7 34. Kg2
Kg6 35. Kg3 Kf5 36. h4 h5 37. R1c3 Ke6 38. f4 Kf5 39. fxg5 fxg5 40. Rxf7+ Rxf7
41. hxg5 Kxg5 42. Nf3+ Kf5 43. Ne5 Rg7+ 44. Kh2 Re7 45. f3 Rg7 46. Rc2 Re7 47.
Kh3 Kf6 48. Rg2 Bc8+ 49. Kh4 Bf5 50. Rg8 Bc2 51. Rb8 Bxa4 52. Rxb6+ Kf5 53. Ra6
Bxb5 54. Rxa5 Rb7 55. Ra8 Be2 56. Rf8+ Ke6 57. Kxh5 Rg7 58. Ng4 Ke7 59. Rf4
Rh7+ 60. Kg5 Rg7+ 61. Kh4 Ke6 62. Kg3 Bd3 63. Rf6+ Ke7 64. Rb6 Rg8 65. Kf2 Rf8
66. Ne5 1-0

[Event "C.to Italiano Semifinale"]
[Site "Saint Vincent - Chatillon ITA"]
[Date "1999.06.22"]
[Round "3"]
[White "Scavo, Fernando"]
[Black "Vezzosi, Paolo"]
[Result "1/2-1/2"]
[WhiteElo "2301"]
[BlackElo "2339"]
[PlyCount "25"]
[EventDate "1999.06.20"]

1. d4 Nf6 2. Nf3 c6 3. c4 d6 4. Nc3 Bg4 5. e4 Nbd7 6. Be2 e5 7. Be3 Be7 8. O-O
O-O 9. Qc2 a6 10. Rfd1 Qc7 11. Rac1 Rfe8 12. d5 c5 13. Ne1 1/2-1/2

[Event "C.to Italiano Semifinale"]
[Site "Saint Vincent - Chatillon ITA"]
[Date "1999.06.22"]
[Round "3"]
[White "Valenti, Giuseppe"]
[Black "Bonaccorsi, Fabrizio"]
[Result "1-0"]
[WhiteElo "2200"]
[BlackElo "2086"]
[PlyCount "45"]
[EventDate "1999.06.20"]

1. e4 c5 2. Nf3 e6 3. d4 cxd4 4. Nxd4 Nc6 5. Nc3 Qc7 6. g3 a6 7. Bg2 Nf6 8. O-O
Bc5 9. Nxc6 dxc6 10. Na4 Ba7 11. c4 Nd7 12. Qg4 g6 13. Bh6 Qe5 14. Bf4 Qa5 15.
Qd1 e5 16. Bh6 Bd4 17. Kh1 Nc5 18. Nxc5 Qxc5 19. Qf3 Be6 20. Qf6 Kd7 21. Rfd1
Rae8 22. b4 Qe7 23. Qxe5 1-0

[Event "C.to Italiano Semifinale"]
[Site "Saint Vincent - Chatillon ITA"]
[Date "1999.06.22"]
[Round "4"]
[White "Aldrovandi, Costantino"]
[Black "Mauro, Alan"]
[Result "1-0"]
[WhiteElo "2309"]
[BlackElo "2263"]
[PlyCount "61"]
[EventDate "1999.06.20"]

1. e4 c5 2. c3 Nf6 3. e5 Nd5 4. d4 cxd4 5. cxd4 b6 6. Nf3 e6 7. Nc3 Bb7 8. Bd2
Be7 9. Bc4 Nxc3 10. Bxc3 Qc8 11. Bb3 O-O 12. O-O Ba6 13. Re1 Bc4 14. Rc1 Bxb3
15. Qxb3 Qb7 16. d5 exd5 17. Rcd1 a5 18. Rxd5 a4 19. Qd1 a3 20. b3 Qc6 21. Qd4
Bc5 22. Qd3 Rc8 23. e6 dxe6 24. Ng5 g6 25. Rxc5 Qxc5 26. Ne4 Qf5 27. Nf6+ Kh8
28. Ng4+ Rxc3 29. Qxc3+ f6 30. Qc8+ Kg7 31. Qb7+ 1-0

[Event "C.to Italiano Semifinale"]
[Site "Saint Vincent - Chatillon ITA"]
[Date "1999.06.22"]
[Round "4"]
[White "Astengo, Corrado"]
[Black "Retter, Martin"]
[Result "1-0"]
[WhiteElo "2191"]
[BlackElo "1588"]
[PlyCount "83"]
[EventDate "1999.06.20"]

1. e4 e6 2. d4 d5 3. Nd2 c5 4. exd5 exd5 5. Ngf3 Nf6 6. Bb5+ Bd7 7. Qe2+ Qe7 8.
O-O Qxe2 9. Bxe2 Nc6 10. Re1 Be6 11. Bb5 a6 12. Bxc6+ bxc6 13. dxc5 Bxc5 14.
Nb3 Bd6 15. Nbd4 Kd7 16. Ne5+ Bxe5 17. Rxe5 Rhe8 18. f3 h6 19. Be3 Rac8 20. Nb3
Kd8 21. Bb6+ Ke7 22. Re2 Kf8 23. Rae1 Nd7 24. Bc5+ Nxc5 25. Nxc5 Bf5 26. g4
Rxe2 27. Rxe2 Bg6 28. Nxa6 f6 29. Nc5 Bf7 30. a4 Ra8 31. b4 Rd8 32. Kf2 d4 33.
Re6 Be8 34. a5 Kf7 35. Re1 Rb8 36. a6 Ra8 37. Re4 Kg8 38. Rxd4 Bg6 39. Rd7 Bxc2
40. a7 Bg6 41. Rb7 Kh7 42. Ne6 1-0

[Event "C.to Italiano Semifinale"]
[Site "Saint Vincent - Chatillon ITA"]
[Date "1999.06.22"]
[Round "4"]
[White "Bonaccorsi, Fabrizio"]
[Black "Ferri, Stefano"]
[Result "1-0"]
[WhiteElo "2086"]
[BlackElo "2091"]
[PlyCount "80"]
[EventDate "1999.06.20"]

1. Nf3 f5 2. e4 fxe4 3. Ng5 Nf6 4. d3 e6 5. Nxe4 Nxe4 6. dxe4 Qf6 7. Bd3 Nc6 8.
O-O d6 9. f4 Bd7 10. Nd2 Be7 11. e5 dxe5 12. Ne4 Qh4 13. Rf3 Qh5 14. fxe5 O-O-O
15. Qe1 Qxe5 16. Bf4 Qxb2 17. Rb1 Qxa2 18. Nc3 Qa3 19. Nb5 Qc5+ 20. Be3 Qd5 21.
Nc3 Qh5 22. Rh3 Qf7 23. Be4 Bf6 24. Nb5 Be8 25. Nxa7+ Kd7 26. Bxc6+ bxc6 27.
Rd1+ Ke7 28. Bc5+ Rd6 29. Nc8+ Kf8 30. Rf3 Kg8 31. Bxd6 cxd6 32. Nxd6 Qa7+ 33.
Kh1 Qe7 34. Qa5 h6 35. Ne4 Kh7 36. Nxf6+ gxf6 37. Qc3 Rf8 38. Qd3+ f5 39. Qd6
Qf6 40. Re1 Bf7 1-0

[Event "C.to Italiano Semifinale"]
[Site "Saint Vincent - Chatillon ITA"]
[Date "1999.06.22"]
[Round "4"]
[White "Camerini, Lorenzo"]
[Black "Genocchio, Daniele"]
[Result "0-1"]
[WhiteElo "1621"]
[BlackElo "2247"]
[PlyCount "40"]
[EventDate "1999.06.20"]

1. d4 f5 2. Nc3 d5 3. Bf4 Nf6 4. e3 g6 5. Nf3 Bg7 6. Ne5 O-O 7. Bd3 Be6 8. Ne2
Nfd7 9. h4 c5 10. c3 Nc6 11. Nf3 Bf7 12. h5 Re8 13. hxg6 hxg6 14. Bg5 Qb6 15.
Qb1 e5 16. dxe5 Ndxe5 17. O-O Nxf3+ 18. gxf3 d4 19. e4 c4 20. exf5 cxd3 0-1

[Event "C.to Italiano Semifinale"]
[Site "Saint Vincent - Chatillon ITA"]
[Date "1999.06.22"]
[Round "4"]
[White "Castaldo, Folco"]
[Black "D'Innocente, Stefano"]
[Result "1-0"]
[WhiteElo "2192"]
[BlackElo "1693"]
[PlyCount "57"]
[EventDate "1999.06.20"]

1. e4 c5 2. c3 d5 3. exd5 Qxd5 4. d4 Nc6 5. Nf3 Nf6 6. Be2 cxd4 7. cxd4 e6 8.
Nc3 Qd6 9. O-O Be7 10. Be3 O-O 11. Rc1 a6 12. Qd2 Rd8 13. Rfd1 Bd7 14. Bf4 Qb4
15. a3 Qb3 16. Bd3 Rac8 17. Bc2 Qb6 18. Na4 Qa7 19. Nc3 Na5 20. Ne5 Be8 21. Qd3
Nc6 22. Nf3 e5 23. Bxe5 Nxe5 24. Nxe5 Bc5 25. Ng4 Nxg4 26. Qxh7+ Kf8 27. Qh8+
Ke7 28. Re1+ Kd7 29. Bf5+ 1-0

[Event "C.to Italiano Semifinale"]
[Site "Saint Vincent - Chatillon ITA"]
[Date "1999.06.22"]
[Round "4"]
[White "Costantini, Roberto"]
[Black "Luciani, Valerio"]
[Result "1-0"]
[WhiteElo "2158"]
[BlackElo "2238"]
[PlyCount "75"]
[EventDate "1999.06.20"]

1. e4 e6 2. d4 d5 3. Nc3 Bb4 4. e5 c5 5. a3 Bxc3+ 6. bxc3 Ne7 7. h4 Qa5 8. Bd2
Qa4 9. h5 h6 10. Nf3 Nbc6 11. Bd3 c4 12. Be2 Bd7 13. O-O O-O-O 14. Nh4 Nf5 15.
Nxf5 exf5 16. Bf3 Be6 17. Qb1 Qa5 18. a4 Nxd4 19. cxd4 Qxd2 20. Qb2 Qa5 21.
Rfb1 Qc7 22. a5 g5 23. hxg6 fxg6 24. Ra4 Rd7 25. Rb4 Rhh7 26. Rb5 Qd8 27. Qa3
Rc7 28. R1b4 Rhd7 29. a6 b6 30. Rxb6 axb6 31. Rxb6 Qe7 32. Qb2 Kd8 33. Rb8+ Rc8
34. Qb6+ Ke8 35. Rxc8+ Kf7 36. Rh8 Kg7 37. Rb8 Kf7 38. Rb7 1-0

[Event "C.to Italiano Semifinale"]
[Site "Saint Vincent - Chatillon ITA"]
[Date "1999.06.22"]
[Round "4"]
[White "Iotti, Pierluigi"]
[Black "Caposciutti, Maurizio"]
[Result "1-0"]
[WhiteElo "2318"]
[BlackElo "2273"]
[PlyCount "153"]
[EventDate "1999.06.20"]

1. d4 d6 2. Nf3 Bg4 3. Nbd2 Nd7 4. h3 Bh5 5. e3 c6 6. Bd3 Ngf6 7. c4 e5 8. O-O
Be7 9. Qc2 O-O 10. b3 Re8 11. Bb2 Bf8 12. Ng5 Bg6 13. Bxg6 hxg6 14. dxe5 dxe5
15. Rad1 Qc7 16. Nde4 Nxe4 17. Qxe4 Be7 18. Qg4 Nf6 19. Qf3 a5 20. a4 Rad8 21.
Ne4 Rxd1 22. Rxd1 Rd8 23. Nxf6+ gxf6 24. e4 Rxd1+ 25. Qxd1 Qd6 26. Qxd6 Bxd6
27. Kf1 Kg7 28. Ke2 Bc5 29. f3 b6 30. Kd3 g5 31. Bc3 Kg6 32. Bd2 Be7 33. Kc2 f5
34. g4 fxe4 35. fxe4 Kf6 36. b4 axb4 37. Kb3 c5 38. a5 bxa5 39. Ka4 Ke6 40.
Kxa5 b3 41. Bc3 Kd6 42. Ka4 f6 43. Kxb3 Kc6 44. Ka4 Bd8 45. Be1 Bc7 46. h4 gxh4
47. Bxh4 Bd8 48. Be1 Bc7 49. Bc3 Bd8 50. Bd2 Bc7 51. Bh6 Bd8 52. Bf8 Kb6 53.
Kb3 Kc6 54. Kc2 Kb6 55. Kd3 Kc6 56. Ke2 Kb6 57. Kf3 Kc6 58. g5 fxg5 59. Kg4 Kd7
60. Bxc5 Ke6 61. Be3 Be7 62. Bxg5 Bc5 63. Bd2 Kf6 64. Bg5+ Ke6 65. Bd8 Bd4 66.
Ba5 Bc5 67. Kg5 Be3+ 68. Kg6 Bc5 69. Kg7 Bd4 70. Bb4 Bf2 71. Kf8 Kf6 72. Be7+
Ke6 73. Ke8 Bb6 74. c5 Bc7 75. Bd8 Bb8 76. Bb6 Kf6 77. Kd7 1-0

[Event "C.to Italiano Semifinale"]
[Site "Saint Vincent - Chatillon ITA"]
[Date "1999.06.22"]
[Round "4"]
[White "Mariano, Elia"]
[Black "Ciuffoletti, Paolo"]
[Result "1/2-1/2"]
[WhiteElo "2254"]
[BlackElo "2163"]
[PlyCount "143"]
[EventDate "1999.06.20"]

1. d4 g6 2. c4 Bg7 3. Nc3 d6 4. e4 Nc6 5. Be3 e5 6. d5 Nce7 7. Bd3 f5 8. f3 Nf6
9. Nge2 O-O 10. Qd2 c5 11. O-O-O Bd7 12. h3 fxe4 13. fxe4 a6 14. g4 b5 15. Ng3
Qa5 16. b3 bxc4 17. Bxc4 Bb5 18. Nb1 Qc7 19. Qe2 Bxc4 20. Qxc4 Nd7 21. Nd2 Qa5
22. Qc2 Nb6 23. Rdf1 Rxf1+ 24. Rxf1 Qb4 25. Nc4 Nxc4 26. Qxc4 Qa3+ 27. Kb1 Qa5
28. Rf2 Nc8 29. Qc1 Nb6 30. Rb2 Qb5 31. Qd1 Rf8 32. a4 Qb4 33. Qe2 Nd7 34. Bd2
Qd4 35. Be3 Qc3 36. Ka2 Qa5 37. g5 Qc3 38. Rc2 Qa5 39. Nf1 Qb6 40. Nd2 Rb8 41.
Rb2 Nf8 42. Nc4 Qc7 43. Qg4 Rd8 44. Rf2 Rd7 45. h4 Re7 46. Bd2 Nd7 47. Qe2 Nf8
48. Qf1 Qd7 49. Qe2 Re8 50. Qf3 Re7 51. Ba5 h5 52. gxh6 Bxh6 53. Qf6 Bf4 54.
Bd2 Rf7 55. Qxd6 Qg4 56. Qxc5 Qxh4 57. Bxf4 Rxf4 58. Rd2 Rxe4 59. d6 Rd4 60.
Re2 Qf4 61. Qxe5 Qxe5 62. Rxe5 Kf7 63. Re7+ Kf6 64. Ra7 Ne6 65. Rxa6 g5 66. Ne3
g4 67. Nxg4+ Rxg4 68. a5 Rd4 69. Rb6 Ke5 70. a6 Rxd6 71. a7 Nc7 72. Rxd6
1/2-1/2

[Event "C.to Italiano Semifinale"]
[Site "Saint Vincent - Chatillon ITA"]
[Date "1999.06.22"]
[Round "4"]
[White "Martorelli, Antonio"]
[Black "Collutiis, Duilio"]
[Result "0-1"]
[WhiteElo "2346"]
[BlackElo "2196"]
[PlyCount "96"]
[EventDate "1999.06.20"]

1. e4 c5 2. Nf3 e6 3. d4 cxd4 4. Nxd4 a6 5. Bd3 d5 6. exd5 Qxd5 7. O-O Nd7 8.
Be2 Ngf6 9. Bf3 Qd6 10. b3 Qc7 11. Re1 Bb4 12. c3 Be7 13. g3 O-O 14. Bb2 Ne5
15. Bg2 Bd7 16. c4 Nc6 17. Nc2 Rfd8 18. Nd2 Be8 19. Qe2 Nb4 20. Nxb4 Bxb4 21.
Bxf6 gxf6 22. Red1 f5 23. Qe3 Be7 24. Nf1 Bf6 25. Rac1 Bc6 26. Bxc6 Qxc6 27.
Qh6 Bg7 28. Qg5 Qc7 29. Ne3 h6 30. Qh4 Kf8 31. c5 Rxd1+ 32. Rxd1 Qe7 33. Qb4
Rc8 34. Rc1 Kg8 35. Qb6 Bd4 36. b4 Rd8 37. Rd1 Rd7 38. Re1 f4 39. gxf4 Qh4 40.
b5 Qxf4 41. bxa6 bxa6 42. Qxa6 Rd5 43. c6 Rg5+ 44. Kf1 Qxh2 45. Qc4 Rf5 46. Qc2
Qh3+ 47. Ke2 Bxe3 48. fxe3 Rf2+ 0-1

[Event "C.to Italiano Semifinale"]
[Site "Saint Vincent - Chatillon ITA"]
[Date "1999.06.22"]
[Round "4"]
[White "Nannelli, Paolo"]
[Black "Petruccioli, Antonio"]
[Result "1-0"]
[WhiteElo "2239"]
[BlackElo "2013"]
[PlyCount "155"]
[EventDate "1999.06.20"]

1. d4 d5 2. Nf3 c6 3. c3 Bf5 4. Bf4 Nd7 5. e3 e6 6. Nbd2 h6 7. Ne5 Nxe5 8. Bxe5
Nf6 9. Be2 Bd6 10. Bxd6 Qxd6 11. Qb3 O-O 12. O-O c5 13. Qa3 b6 14. Rac1 Rfd8
15. b3 e5 16. dxe5 Qxe5 17. b4 d4 18. Nc4 Qe6 19. bxc5 d3 20. Bf3 Qxc4 21. Bxa8
Rxa8 22. cxb6 a6 23. Rb1 d2 24. b7 Rb8 25. Qd6 Nd7 26. e4 Qxe4 27. Qxd2 Rxb7
28. Rb4 Rxb4 29. cxb4 Be6 30. Re1 Qc4 31. a4 Qc6 32. Ra1 Bd5 33. Rc1 Qb7 34.
Qf4 Bc6 35. b5 axb5 36. axb5 Qxb5 37. Qd6 Bd5 38. h3 Be6 39. Qc6 Qg5 40. Rd1
Ne5 41. Qc3 h5 42. Rd4 Ng6 43. Qd2 Qxd2 44. Rxd2 Nf4 45. h4 f6 46. g3 Nd5 47.
f3 Ne7 48. Rb2 Kf7 49. Kf2 Bd5 50. Ke3 g6 51. Rb1 Nc6 52. Rb7+ Ke6 53. Rb6 Ke5
54. Rb5 Kd6 55. f4 Ne7 56. Kf2 Nf5 57. Rb6+ Bc6 58. Rb8 Ke7 59. Rb6 Bd5 60. Rb5
Ke6 61. Ra5 Nd6 62. Ra6 Bb7 63. Ra3 Kf5 64. Kg1 Kg4 65. Kh2 Nf5 66. Rb3 Be4 67.
Ra3 Bf3 68. Ra1 Be4 69. Ra3 Nd4 70. Kg1 Nf5 71. Kh2 Bf3 72. Ra1 Ne3 73. Re1 Nd5
74. Rc1 Be4 75. Rf1 Ne3 76. Ra1 Kf3 77. Ra3 Kf2 78. Ra2+ {...} 1-0

[Event "C.to Italiano Semifinale"]
[Site "Saint Vincent - Chatillon ITA"]
[Date "1999.06.22"]
[Round "4"]
[White "Ranieri, Fabrizio"]
[Black "Pegoraro, Nicola"]
[Result "1-0"]
[WhiteElo "2166"]
[BlackElo "2072"]
[PlyCount "65"]
[EventDate "1999.06.20"]

1. e4 c5 2. Nf3 d6 3. d4 cxd4 4. Nxd4 Nf6 5. Nc3 a6 6. Bg5 Nbd7 7. f4 Qb6 8.
Qd2 Qxb2 9. Rb1 Qa3 10. Be2 Qc5 11. Nb3 Qc7 12. f5 b5 13. O-O Bb7 14. Nd5 Bxd5
15. exd5 Ne4 16. Qf4 Nxg5 17. Qxg5 Ne5 18. Kh1 g6 19. Nd4 Bg7 20. fxg6 hxg6 21.
Nc6 Nxc6 22. dxc6 Be5 23. h3 O-O 24. c4 b4 25. Rxb4 Qxc6 26. Qxe7 Rae8 27. Qg5
Qc5 28. Rb7 Kg7 29. Bd3 Re6 30. Qg4 Qe3 31. Qxe6 Qg3 32. Rfxf7+ Rxf7 33. Qxf7+
1-0

[Event "C.to Italiano Semifinale"]
[Site "Saint Vincent - Chatillon ITA"]
[Date "1999.06.22"]
[Round "4"]
[White "Rettore, Ludwig"]
[Black "Malfagia, Andrea"]
[Result "1/2-1/2"]
[WhiteElo "1675"]
[BlackElo "2308"]
[PlyCount "135"]
[EventDate "1999.06.20"]

1. e4 d6 2. d4 Nf6 3. Nc3 c6 4. f4 Qa5 5. Bd3 e5 6. fxe5 dxe5 7. dxe5 Ng4 8.
Nf3 Be6 9. Qe2 Nd7 10. O-O Be7 11. Bd2 Ndxe5 12. Nd5 Qc5+ 13. Ne3 Nc4 14. Bxc4
Bxc4 15. Qxc4 Nxe3 16. Qxc5 Bxc5 17. Bxe3 Bxe3+ 18. Kh1 O-O 19. Rae1 Bb6 20.
Re2 Rad8 21. g3 Rfe8 22. Rfe1 Rd7 23. Kg2 h6 24. Nd2 Bc7 25. Kf3 Re6 26. Nb3 b6
27. Nc1 b5 28. Nd3 Bb6 29. Nf4 Re5 30. Nd3 Re8 31. Nf4 Ba5 32. c3 Re5 33. a3
Kf8 34. Re3 Bb6 35. Rd3 Rxd3+ 36. Nxd3 Re6 37. Rd1 Rd6 38. Ke2 Ke7 39. Nf4 Rxd1
40. Kxd1 Kd6 41. Ke2 g6 42. Kd3 Ke5 43. b3 h5 44. Ne2 c5 45. c4 bxc4+ 46. bxc4
Ba5 47. h3 Be1 48. Ke3 Kd6 49. Kf3 Bd2 50. Ng1 Ke5 51. Ke2 Bc1 52. Kd3 Bxa3 53.
Nf3+ Ke6 54. g4 hxg4 55. hxg4 Bb4 56. Kc2 f5 57. gxf5+ gxf5 58. exf5+ Kxf5 59.
Kb3 Kf4 60. Nh4 Ke4 61. Ng6 Be1 62. Ne7 a6 63. Nd5 Ba5 64. Ka4 Bd8 65. Nc3+ Kd3
66. Kb3 Ba5 67. Na4 Kd4 68. Nb2 1/2-1/2

[Event "C.to Italiano Semifinale"]
[Site "Saint Vincent - Chatillon ITA"]
[Date "1999.06.22"]
[Round "4"]
[White "Rossato, Armando"]
[Black "Bellia, Fabrizio"]
[Result "0-1"]
[WhiteElo "1959"]
[BlackElo "2340"]
[PlyCount "70"]
[EventDate "1999.06.20"]

1. d4 Nf6 2. Nf3 g6 3. c4 Bg7 4. Nc3 O-O 5. e4 d6 6. Bg5 Nbd7 7. Be2 e5 8. d5
h6 9. Bh4 a5 10. Nd2 Nc5 11. O-O Bd7 12. b3 Qe8 13. a3 Nh7 14. f3 h5 15. Nb5
Na6 16. Qc2 Bh6 17. Qc3 Qb8 18. Qb2 Nc5 19. b4 Na4 20. Qc2 c6 21. Nc3 Be3+ 22.
Bf2 Bxf2+ 23. Rxf2 Nxc3 24. Qxc3 cxd5 25. exd5 Qc7 26. Nb3 axb4 27. axb4 Nf6
28. Qb2 b5 29. Rc1 bxc4 30. Bxc4 Qb6 31. Na5 Rfc8 32. Kh1 Rab8 33. Rb1 Bf5 34.
Nc6 Bxb1 35. Ne7+ Kg7 0-1

[Event "C.to Italiano Semifinale"]
[Site "Saint Vincent - Chatillon ITA"]
[Date "1999.06.22"]
[Round "4"]
[White "Rossi, Carlo"]
[Black "Dorighet, Claudio"]
[Result "1-0"]
[WhiteElo "2371"]
[BlackElo "2110"]
[PlyCount "33"]
[EventDate "1999.06.20"]

1. e4 c5 2. Nf3 d6 3. c3 Nf6 4. Be2 Nc6 5. d4 cxd4 6. cxd4 Nxe4 7. d5 Qa5+ 8.
Nc3 Nxc3 9. bxc3 Ne5 10. Nxe5 Qxc3+ 11. Bd2 Qxe5 12. O-O a6 13. Rc1 e6 14. Rc7
Be7 15. Qc2 Bd7 16. Rxd7 Qxe2 17. Rxe7+ 1-0

[Event "C.to Italiano Semifinale"]
[Site "Saint Vincent - Chatillon ITA"]
[Date "1999.06.22"]
[Round "4"]
[White "Sarno, Spartaco"]
[Black "Scavo, Fernando"]
[Result "1-0"]
[WhiteElo "2358"]
[BlackElo "2301"]
[PlyCount "51"]
[EventDate "1999.06.20"]

1. c4 c5 2. Nf3 g6 3. Nc3 Bg7 4. d4 cxd4 5. Nxd4 Nc6 6. e3 Nf6 7. Be2 O-O 8.
O-O Nxd4 9. exd4 d5 10. c5 b6 11. b4 a5 12. Na4 bxc5 13. bxc5 Ba6 14. Bxa6 Rxa6
15. Re1 Nd7 16. Qd3 Ra7 17. Bf4 Nb8 18. Bxb8 Qxb8 19. Nb6 Rd8 20. g3 e5 21.
dxe5 Bxe5 22. Rab1 Rb7 23. Nd7 Rxb1 24. Rxb1 Qc7 25. c6 Qd6 26. Rb5 1-0

[Event "C.to Italiano Semifinale"]
[Site "Saint Vincent - Chatillon ITA"]
[Date "1999.06.22"]
[Round "4"]
[White "Tatai, Stefano"]
[Black "Valenti, Giuseppe"]
[Result "1-0"]
[WhiteElo "2359"]
[BlackElo "2200"]
[PlyCount "125"]
[EventDate "1999.06.20"]

1. d4 e6 2. c4 c5 3. d5 exd5 4. cxd5 Nf6 5. Nc3 d6 6. e4 g6 7. Bd3 Bg7 8. h3
O-O 9. Nf3 Re8 10. O-O a6 11. a4 Qc7 12. Nd2 Nbd7 13. f4 Rb8 14. a5 Ra8 15. Nc4
b5 16. axb6 Nxb6 17. e5 dxe5 18. fxe5 Nfd7 19. d6 Qd8 20. Qf3 Nxe5 21. Nxe5
Rxe5 22. Qxf7+ Kh8 23. Bf4 Re8 24. Rae1 Rf8 25. Qe7 Bf5 26. Be5 Bxe5 27. Qxe5+
Qf6 28. Bxf5 gxf5 29. Qxc5 Nd7 30. Qd5 Nb6 31. Qd3 Rad8 32. Rd1 Qe5 33. Qxa6
Rxd6 34. Qe2 Qc5+ 35. Qf2 Qxf2+ 36. Rxf2 Rxd1+ 37. Nxd1 Nc4 38. b3 Nd6 39. Ne3
Rb8 40. Rb2 Rb4 41. Rb1 Kg7 42. Nc2 Rb7 43. Rd1 Ne4 44. b4 Kf6 45. Rb1 Ke5 46.
Ne1 Nc3 47. Rb2 Kd4 48. Nc2+ Kd3 49. Na3 Ne2+ 50. Kf2 Nd4 51. Nb1 Rb5 52. Kg3
Ke3 53. Na3 f4+ 54. Kg4 Rb8 55. b5 Rg8+ 56. Kh5 f3 57. gxf3 Kxf3 58. b6 Kf4 59.
b7 Nc6 60. Nc4 Rg5+ 61. Kh4 Rg6 62. Rf2+ Ke4 63. Rf8 1-0

[Event "C.to Italiano Semifinale"]
[Site "Saint Vincent - Chatillon ITA"]
[Date "1999.06.22"]
[Round "4"]
[White "Ventura, Sergio"]
[Black "Tocco, Paolo"]
[Result "1-0"]
[WhiteElo "2209"]
[BlackElo "2150"]
[PlyCount "67"]
[EventDate "1999.06.20"]

1. b3 f5 2. Bb2 e6 3. e4 d6 4. exf5 exf5 5. Bd3 Qe7+ 6. Ne2 Nc6 7. O-O Qf7 8.
Nf4 Nge7 9. Re1 Kd8 10. Bc4 d5 11. Be2 Rg8 12. c4 d4 13. c5 Qf6 14. Bc4 Rh8 15.
Qe2 Bd7 16. Na3 Ng6 17. Nd3 f4 18. Qh5 Be7 19. Nc2 Rf8 20. b4 Nh4 21. b5 Nxg2
22. bxc6 Nxe1 23. Rxe1 g6 24. cxb7 Rb8 25. Qd5 c6 26. Qg2 Qh4 27. Nxd4 f3 28.
Qg3 Qxg3+ 29. hxg3 Rxb7 30. Bc3 Bf6 31. Ba6 Rc7 32. Ne5 Bxe5 33. Rxe5 Bc8 34.
Ba5 1-0

[Event "C.to Italiano Semifinale"]
[Site "Saint Vincent - Chatillon ITA"]
[Date "1999.06.22"]
[Round "4"]
[White "Vezzosi, Paolo"]
[Black "Fabiano, Giuseppe"]
[Result "0-1"]
[WhiteElo "2339"]
[BlackElo "2282"]
[PlyCount "60"]
[EventDate "1999.06.20"]

1. c4 Nf6 2. Nf3 g6 3. Nc3 Bg7 4. g3 O-O 5. Bg2 d6 6. d4 Nbd7 7. O-O e5 8. e4
c6 9. h3 Re8 10. d5 cxd5 11. cxd5 Nc5 12. Qc2 a5 13. Be3 Bd7 14. Bxc5 dxc5 15.
a4 Rc8 16. Nd2 c4 17. Rfd1 Qb6 18. Bf1 Qb4 19. Ra3 Bf8 20. Na2 Qc5 21. Rf3 Nh5
22. Nxc4 f5 23. Nc3 f4 24. gxf4 exf4 25. d6 Qg5+ 26. Kh2 Qh4 27. Nb6 Bg4 28. d7
Bxf3 29. dxc8=Q Rxc8 30. Nxc8 Qg3+ 0-1

[Event "C.to Italiano Semifinale"]
[Site "Saint Vincent - Chatillon ITA"]
[Date "1999.06.22"]
[Round "4"]
[White "Wild, Alexander"]
[Black "Pantaleoni, Claudio"]
[Result "1-0"]
[WhiteElo "1732"]
[BlackElo "2184"]
[PlyCount "81"]
[EventDate "1999.06.20"]

1. e4 c5 2. Nf3 Nc6 3. d4 cxd4 4. Nxd4 g6 5. Nc3 Bg7 6. Be3 Nf6 7. Be2 O-O 8.
O-O d5 9. exd5 Nb4 10. Bf3 Nbxd5 11. Nxd5 Nxd5 12. Bg5 h6 13. Bh4 Nf4 14. c3 a6
15. Re1 g5 16. Bg3 e5 17. Nb3 Qc7 18. Qc2 Be6 19. Bxf4 gxf4 20. Qe4 Rab8 21.
Rad1 f5 22. Qb4 e4 23. Bh5 Bf7 24. Bxf7+ Rxf7 25. Nd4 Re8 26. Qb3 Bxd4 27. cxd4
Rc8 28. Qe6 Qc6 29. Qe5 e3 30. Qxf4 Rg7 31. d5 Qg6 32. Qf3 f4 33. Re2 Rgc7 34.
fxe3 Rc1 35. Red2 fxe3 36. Qxe3 Re8 37. Qf2 Qb1 38. Qg3+ Kh8 39. Qc3+ Rxc3 40.
Rxb1 Rce3 41. Kf2 1-0